Paroles de Voyage en Italie - Lilicub - Statistiques

Statistiques générales
  • Ce quiz a été pris 113 fois
  • Le résultat moyen est 187 sur 245
Statistiques - réponses
Paroles
% Correct
S'
96%
s'
96%
E
95%
l'
95%
à
94%
À
94%
le
94%
de
93%
Italie
93%
les
90%
se
90%
Dans
89%
dans
89%
en
89%
on
89%
On
89%
la
88%
un
88%
sur
87%
Au
85%
au
85%
deux
85%
Et
85%
et
85%
tous
85%
une
85%
ma
83%
vie
83%
aller
79%
bien
79%
danser
79%
Danser
79%
Faire
79%
ton
79%
tout
79%
virée
79%
automobile
78%
des
78%
ira
78%
sera
78%
chemins
77%
il
77%
sud
77%
nuit
76%
quand
76%
calypso
74%
du
74%
Du
74%
est
73%
soleil
73%
Toute
73%
toute
73%
ciel
71%
voir
71%
Voir
71%
catimini
70%
eau
70%
y
70%
pari
68%
Paris
66%
étoiles
65%
aura
63%
douce
63%
milieu
62%
avec
61%
bleu
61%
boire
61%
Arno
60%
plage
60%
va
59%
matin
57%
vue
57%
Campari
56%
Capri
56%
mettra
56%
voiles
56%
lever
50%
prendre
49%
dancing
48%
ta
48%
baisers
46%
envoyer
45%
Martini
45%
bain
44%
dernier
43%
jouer
43%
Madone
43%
peau
43%
non
41%
troppo
33%
allegretto
24%
nave
20%
Aucun quiz correspondant
Distribution des résultats
% des personnes avec chaque résultat
Percentile par nombre de réponses
Votre historique - résultats
Vous n’avez pas pris ce quiz